000 00568nam a2200205Ia 4500
005 20250923145243.0
008 008 250917s9999 xx 000 0 eng d
037 _aTextual
040 _aDSWL
_beng
_cDSWL
041 _aeng
_2eng
084 _aS8:70gG, N69;1
_qDSWL
100 _aTiger, Lionel
_9833386
245 0 _aMen in groups
_cby Lionel Tiger
260 _aLondon
_bThomas Nelson & Sons Ltd.
_c1969
300 _axx,163p.
365 _aINR
_b50
925 _g50
942 _cTEXL
_hS8:70gG, N69;1
999 _c1449011
_d1449011